| 000 | 00344 a2200145 4500 | ||
|---|---|---|---|
| 001 | 167063 | ||
| 020 | _a | ||
| 040 | _cMagnum | ||
| 100 | _aNewcombe, Nora | ||
| 240 | 1 | 0 |
_aDesenvolvimento infantil: abordagem de mussen _lpor |
| 245 | 1 | 0 | _aDesenvolvimento infantil: abordagem de mussen |
| 362 | 0 | _a1899 | |
| 697 | _aPSICOLOGIA | ||
| 942 | _cBK | ||
| 999 |
_c167063 _d167063 |
||